Từ vựng tiếng Nhật theo chủ đề
Phương pháp học các cụng từ vựng nhanh và hiệu quả. Các chủ đề thiết thực với cuộc sống và giao tiếp hàng ngày. Tự học một cách hiệu quả và phù hợp cho mọi trình độ.
Saved in:
| Main Author: | |
|---|---|
| Format: | Book |
| Language: | Undetermined |
| Published: |
Hà Nội
Đại học Quốc gia Hà Nội
2017
|
| Subjects: | |
| Tags: |
Add Tag
No Tags, Be the first to tag this record!
|
| Institutions: | Trung tâm Học liệu Trường Đại học Cần Thơ |
|---|
| LEADER | 00948nam a2200217Ia 4500 | ||
|---|---|---|---|
| 001 | CTU_230845 | ||
| 008 | 210402s9999 xx 000 0 und d | ||
| 020 | |c 70000 | ||
| 082 | |a 495.68 | ||
| 082 | |b Th107 | ||
| 100 | |a Thanh Xuân | ||
| 245 | 0 | |a Từ vựng tiếng Nhật theo chủ đề | |
| 245 | 0 | |c Thanh Xuân (Chủ biên) ; Nguyên Thảo (Hiệu đính) | |
| 260 | |a Hà Nội | ||
| 260 | |b Đại học Quốc gia Hà Nội | ||
| 260 | |c 2017 | ||
| 520 | |a Phương pháp học các cụng từ vựng nhanh và hiệu quả. Các chủ đề thiết thực với cuộc sống và giao tiếp hàng ngày. Tự học một cách hiệu quả và phù hợp cho mọi trình độ. | ||
| 650 | |a Tiếng Nhật,Japanese language | ||
| 650 | |x Dạy và học,Study and teaching | ||
| 910 | |b nthai | ||
| 980 | |a Trung tâm Học liệu Trường Đại học Cần Thơ | ||